[Event "Sortland CC-ch"]
[Site "Sortland"]
[Date "2017.03.28"]
[Round "2"]
[White "Walter, Werner"]
[Black "Remman, Stein Borre"]
[Result "1-0"]
[WhiteElo "1669"]
[BlackElo "1529"]
[PlyCount "45"]
[EventDate "2017.03.21"]
[EventType "swiss"]
[EventRounds "6"]
[EventCountry "NOR"]
[SourceTitle "EXT 2024"]
[Source "ChessBase"]
[SourceDate "2023.10.10"]
[SourceVersion "1"]
[SourceVersionDate "2023.10.10"]
[SourceQuality "1"]

1. d4 Nf6 2. Bf4 e6 3. e3 Be7 4. Nf3 0-0 5. Bd3 Nc6 6. Nbd2 d5 7. c3 Re8 8. Ne5 Bd6 9. h4 Ne7 10. Ndf3 Nf5 11. Bg5 Be7 12. Bf4 Nh5 13. Nxf7 Kxf7 14. Ne5+ Kg8 15. Qxh5 Bf6 16. 0-0-0 Qe7 17. Bg5 g6 18. Bxf6 Qxf6 19. Qf3 Qg7 20. Bxf5 gxf5 21. Rh3 Qf6 22. Rg3+ Kh8 23. Qh5 1-0

[Event "Sortland CC-ch"]
[Site "Sortland"]
[Date "2014.10.23"]
[Round "4"]
[White "Walter, Werner"]
[Black "Stephansen, Oyvind"]
[Result "1-0"]
[WhiteElo "1194"]
[BlackElo "985"]
[PlyCount "57"]
[EventDate "2014.10.02"]
[EventType "swiss"]
[EventRounds "7"]
[EventCountry "NOR"]
[SourceTitle "EXT 2024"]
[Source "ChessBase"]
[SourceDate "2023.10.10"]
[SourceVersion "1"]
[SourceVersionDate "2023.10.10"]
[SourceQuality "1"]

1. d4 Nf6 2. c4 d5 3. Nc3 e6 4. Nf3 g6 5. Bg5 Bg7 6. e3 c6 7. Be2 0-0 8. 0-0 Nbd7 9. Rc1 Qc7 10. b3 Ng4 11. cxd5 exd5 12. Nxd5 Qa5 13. Nc3 Ndf6 14. h3 Nh6 15. a4 Nd5 16. Nxd5 Qxd5 17. Rc5 Qd6 18. Bf4 Qe7 19. Bd3 Nf5 20. Re1 Bh6 21. Bxf5 Bxf5 22. Bxh6 Rfe8 23. Qc1 Qe4 24. Ne5 f6 25. Nc4 Bxh3 26. gxh3 Qh4 27. Bf4 Qxh3 28. Nd6 Qg4+ 29. Bg3 1-0